000 00388nam a22001697a 4500
005 20160903160957.0
008 160903b xxu||||| |||| 00| 0 eng d
020 _a81-204-0416-5
041 _aeng
082 _b20954
100 _aDE,GOPAL CHANDRA
_93472
245 _aFUNDAMENTAL OF AGRONOMY
260 _bOXFORD
_c2013
300 _a411
650 _aAGRICULTURE
_92837
942 _cBK
999 _c5177
_d5175